Světová finanční centra.

Podnikanie na konci 20. storočia v znamení globalizácie, ktorej základným predpokladom je financovanie. Rozšírenie možností, ktoré ponúkajú bankové organizácie. Zmeny na finančnom trhu. Dominantné postavenie troch finančných centier: New York pre americký kontinent, Tokio pre Áziu a Londýn pre Európ...

Descripción completa

Guardado en:
Detalles Bibliográficos
Autor principal: Vincent, L.
Formato: Capítulo de libro
Lenguaje:checo
Materias:
Etiquetas: Agregar Etiqueta
Sin Etiquetas, Sea el primero en etiquetar este registro!

MARC

LEADER 00000naa a2200000 4500
001 r013323
005 20221205075713.1
041 0 |a cze 
044 |a CZ 
245 1 0 |a Světová finanční centra.  |c L. Vincent 
520 |a Podnikanie na konci 20. storočia v znamení globalizácie, ktorej základným predpokladom je financovanie. Rozšírenie možností, ktoré ponúkajú bankové organizácie. Zmeny na finančnom trhu. Dominantné postavenie troch finančných centier: New York pre americký kontinent, Tokio pre Áziu a Londýn pre Európu. 
610 2 0 |a banky 
610 2 0 |a New York 
610 2 0 |a Tokio 
610 2 0 |a Londýn 
610 2 0 |a podnikanie 
610 2 0 |a financovanie 
610 2 0 |a trh finančný 
100 1 |a Vincent, L.